LEADER 00785naa a2200193 u 4500 001 000000101242 003 CaOOAMICUS 005 20070226130206.0 008 051212s1996 it u000 u ita u 035 $a11072123 040 $aIAR$bita 100 1 $aCanova, Andrea.$0(OLS)http://pul/name/63167 245 10$a[Recensione :] Donato Bramante: Sonetti e altri scritti, a cura di Carlo Vecce /$c[Andrea Canova]. 260 $a[Milano :$bVita e pensiero],$c[1996] 300 $aS. 764-768 ;$c25 cm 730 0 $aAevum$g[Spogli].$0(OLS)http://pul/title/11692 773 0 $tAevum$k70 (1996)$w()8026 996 $6245$a[Recensione :] Donato Bramante: Sonetti e altri scritti, a cura di Carlo Vecce$9(OLS)http://pul/title/128145 996 $6260$a[Milano :$bVita e pensiero]$9(OLS)http://pul/publisher/79155 LEADER 01217nam a2200301 u 4500 001 000000080162 003 CaOOAMICUS 005 20070226123621.0 008 040628s2005 enk u000 u eng u 020 $a0631221298 035 $a11002312 040 $aPUL$bita 245 04$aThe Blackwell guide to the philosophy of religion /$cedited by William E. Mann. 260 $aOxford ;$aMalden :$bBlackwell,$c2005 (sic) 300 $axvi, 335 p. ;$c24 cm 490 1 $aBlackwell philosophy guides ;$v17 500 $aIndice : p. [330]-335. 504 $aComprende bibliografia. 650 4$aReligione$xFilosofia.$0(OLS)http://pul/subject/397 700 1 $aMann, William E.$0(OLS)http://pul/name/53442 830 0$aBlackwell philosophy guides ;$v17.$0(OLS)http://pul/title/105003 850 $aPUL 852 $aPUL$W1$xSL Religione 3$y85$m210 MANWI 1$j121317$nBK-PRI$qDDC 21$B102410$CPULBib$Z2$F102410 $H95627 $82 941 1 $a8 941 1 $a9 996 $6020$a0631221298$9(OLS)http://pul/number/105837 996 $6245$aThe Blackwell guide to the philosophy of religion$9(OLS)http://pul/title/105004 996 $6260$aOxford ;$aMalden :$bBlackwell$9(OLS)http://pul/publisher/75797